000
00293nam a22001217a 4500
082
_a
621.902 MAC'A
100
_a
ACHERKAN, N
_9
79035
245
_a
MACHINE TOOL DESIGN
250
_a
4VOLS
260
_a
MOSCOW
_b
MIR PUBLISHERS
_c
1965
650
_a
TOOL DESIGN. MACHINE TOOL
_9
79467
942
_c
BK
999
_c
584512
_d
584512